Vilains dans les jeux Crash Bandicoot - Statistiques

Statistiques générales
  • Ce quiz a été pris 35 fois
  • Le résultat moyen est 13 sur 35
Statistiques - réponses
Hint Réponse % Correct
Savant fou et antagoniste principal Docteur Neo Cortex / Dr Cortex / N. Cortex / Cortex
96%
Mutant mi-dingo mi-crocodile avec un lance-flamme Dingodile
81%
Scientifique avec un missile incrusté dans le crâne et de gros robots Docteur N. Gin / N. Gin / Nitro Gin / Nancy Gin
81%
Jumeau maléfique de Aku Aku Uka Uka
81%
Chef imposant d'une tribu indigène Papu Papu
74%
Scientifique qui se transforme en monstre vert quand il boit ses potions Dr Nitrus Brio / Docteur Nitrus Brio / Dr N. Brio / N. Brio / Nitrus Brio
70%
Scientifique et maître du temps Nefarious Tropy / N. Tropy / Dr N. Tropy / Docteur Nefarious Tropy
70%
Kangourou bleu complètement fou Ripper Roo
67%
Tigre mutant très fort mais pas très intelligent Tiny Tiger
67%
Koala surpuissant mais pas très futé Koala Kong
63%
Dragons de Komodo experts dans le maniement des sabres Frères Komodo / Komodo Joe / Komodo Moe
56%
Nièce de l'antagoniste principal Nina Cortex
48%
Potorou mafieux armé d' un Tommy Gun Pinstripe Potoroo
48%
Crash de la Dixième Dimension Crash Maléfique / Evil Crash
30%
Perroquets qui veulent se venger de leur créateur Jumeaux Maléfiques / Victor / Morritz
30%
Fusion de quatre adversaires de Crash Méga-Mix
26%
Requin mutant Nash
26%
Cyborg qui a la capacité d'hypnotiser n'importe qui N. Trance
26%
Sorte de mandrill originaire de la planète Terranée Krunk
22%
Directrice de l'Académie Maléfique Madame Amberley / Mme Amberley
22%
Entités représentant les quatre éléments Masques des Eléments / Rok-Ko / Wa-Wa / Py-Ro / Lo-Lo
22%
Il peut séparer son corps en deux formes Norm
22%
Hybride mi-kangourou mi-gorille Rilla Roo
22%
Totem ayant pour seul but de détruire Crash Tikimon
22%
Robot très à cheval sur la propreté Geary
19%
Il veut transformer la Terre en parking Nitros Oxyde
19%
Gros fruit Wumpa avec des bras et des jambes Willie Wumpa Cheeks / Willie Wumpa
19%
Complices du précédent Zem / Zam
19%
Empereur d'une planète extraterrestre qui organise des courses Empereur Velo XXVII
15%
Morse qui sert de cuistot Rusty Walrus
15%
Version féminine du scientifique maître du temps Dr N. Tropy fille / Docteur Nefarious Tropy fille / N. Tropy fille
11%
Kraken résidant dans la dimension des pirates Louise
11%
Gorille avec une queue de scorpion enflammée Scorpilon
7%
Squelette fantomatique qui hante son manoir Mr Crumb / Monsieur Crumb
4%
Titan à avec des tentacules géants Yuktopus
4%
Aucun quiz correspondant
Distribution des résultats
% des personnes avec chaque résultat
Percentile par nombre de réponses
Votre historique - résultats
Vous n’avez pas pris ce quiz